000 01008cam a2200229 4500
001 ABS64469
008 011005n2001 000 0 eng u
035 _a(Sirsi) u115017
100 _aBrinkley, M.
245 _aCentre stage
260 _c2001
490 _aBuilding Homes
_v(8) September 2001, 34-42(7)
520 _aPreviews the Zethus Centre, which is due to open in October 2001. Zethus is the UK's first dedicated centre for housebuilding training, research and innovation. The Centre aims to seek out alternative technologies from around the world to satisfy the performance demands of housebuyers. A joint venture of the University of Greenwich and housebuilding consultant The Palmer Partnership, Zethus comprises a centre building and Japanese-style show village.
590 _aABS
650 _aHOUSE BUILDING
650 _aZETHUS CENTRE
650 _aRESEARCH
650 _aINNOVATION
650 _aCAREERS, EDUCATION AND TRAINING
690 _aBUILT ENVIRONMENT
942 _n0
999 _c68497
_d68497